Οι ολυμπιακοί αγώνες στην αρχαία Ελλάδα
Αποθηκεύτηκε σε:
| Κύριος συγγραφέας: | |
|---|---|
| Άλλοι συγγραφείς: | |
| Μορφή: | Βιβλίο |
| Γλώσσα: | Greek English |
| Δημοσίευση: |
Αθήνα :
Εκδόσεις Πατάκη,
2003.
|
| Θέματα: | |
| Ετικέτες: |
Προσθήκη ετικέτας
Δεν υπάρχουν, Καταχωρήστε ετικέτα πρώτοι!
|
MARC
| LEADER | 00000cam a2200000 a 4500 | ||
|---|---|---|---|
| 001 | 1/115351 | ||
| 008 | 171023s2003####gr | ||| |||| ||gre|| | ||
| 020 | |a 9603784990 | ||
| 040 | |a GR-MyUa |b gre |c GR-MyUa |e AACR2 | ||
| 041 | 1 | |a gre |h eng | |
| 082 | 7 | |a 796.48 |2 (23) | |
| 100 | 1 | |a Woff, Richard, |d 1953- | |
| 245 | 1 | 3 | |a Οι ολυμπιακοί αγώνες στην αρχαία Ελλάδα / |c Ρίτσαρντ Γουόφ ; μετάφραση Μαρία Λεβεντοπούλου. |
| 260 | |a Αθήνα : |b Εκδόσεις Πατάκη, |c 2003. | ||
| 300 | |a 32 σ. : |b έγχρ. εικ. ; |c 28 εκ. | ||
| 500 | |a Τίτλος πρωτοτύπου: The ancient Greek Olympics. | ||
| 504 | |a Περιέχει ευρετήριο. | ||
| 650 | 0 | |a Olympics |x History. | |
| 650 | 0 | |a Olympic games (Ancient) | |
| 700 | 1 | |a Λεβεντοπούλου, Μαρία, |e trlf | |
| 852 | |a INST |b SAMOS |e 20171023 |h 796.48 WOF |p 005300044943 |q 005300044943 |t BK |y 0 | ||
| 970 | |a Φιλιππή |b Φάλη |z 23-10-2017 | ||